Subdivision centers closest to Ohrid (MK) - Statistics

General Stats
  • This quiz has been taken 13 times
  • The average score is 8 of 20
Answer Stats
Distance (km) Answer % Correct
9 111 Skopje
100%
1 46 Bitola
71%
6 86 Tirana
71%
18 135 Štip
57%
7 101 Tetovo
57%
8 106 Veles
57%
12 115 Durrës
43%
3 60 Elbasan
43%
2 55 Korçë
29%
10 112 Kukës
29%
19 137 Kumanovo
29%
4 71 Peshkopi
29%
14 122 Prizren
29%
17 131 Vlorë
29%
5 84 Berat
14%
20 143 Ferizaj/Uroševac
14%
11 113 Fier
14%
16 128 Gjirokastër
14%
15 123 Kozáni
14%
13 122 Lezhë
14%
No matching quizzes found
Score Distribution
Percent of People with Each Score
Percentile by Number Answered
Your Score History
You have not taken this quiz